| 000 | 00745nam a22002417a 4500 | ||
|---|---|---|---|
| 001 | 3786 | ||
| 003 | FISKH | ||
| 005 | 20240507142606.0 | ||
| 008 | 240507b cb ||||| |||| 00| 0 eng d | ||
| 040 |
_aFISK _beng _cFISK _dFISK |
||
| 050 | _aPZ7.A2615 | ||
| 082 | _a813.54 | ||
| 100 |
_aA. Adler David _d1947- |
||
| 245 |
_aCam jansen and the mystery of the stolen diamonds / _cDavid A. Adler |
||
| 260 |
_aNew York : _bScholastic, _c1980 |
||
| 300 |
_a58 pages : _billustrations, _c20 cm |
||
| 505 | _aN | ||
| 520 | _aA fifth-grader with a photographic memory and her friend Eric help solve the mystery of the stolen diamonds. | ||
| 521 | 8 |
_a580 _bLexiles |
|
| 700 | _aDavid A. Adler | ||
| 942 |
_2ddc _cBK _n0 |
||
| 999 |
_c3786 _d3786 |
||